Movies Quiz

Random Movies or Actress Quiz

Julia Roberts or Sandra Bullock Quiz Stats

Quiz Updated Jun 30, 2017

Challenge
Share
Tweet
Embed
Score 0/24 Timer 05:00
1 Play Today
Question Answer Wrong Answers
Pretty Woman ???
97%
???
1.1%
Erin Brockovich ???
94.9%
???
3.1%
Miss Congeniality ???
94.3%
???
3.8%
Gravity ???
92.7%
???
5.4%
Notting Hill ???
92.6%
???
5.5%
Mona Lisa Smile ???
92.5%
???
5.5%
The Blind Side ???
92.2%
???
5.9%
My Best Friend's Wedding ???
91.1%
???
7%
Eat Pray Love ???
90.4%
???
7.6%
Steel Magnolias ???
90%
???
7.9%
The Proposal ???
86.7%
???
11.4%
The Heat ???
85.5%
???
12.6%
Mystic Pizza ???
85.1%
???
12.9%
Crash ???
83.9%
???
14.2%
Two Weeks Notice ???
83.6%
???
14.5%
The Lake House ???
82.7%
???
15.5%
The Pelican Brief ???
82.4%
???
15.7%
Larry Crowne ???
78.2%
???
19.8%
Practical Magic ???
77.1%
???
21.1%
America's Sweethearts ???
75.6%
???
22.4%
Something to Talk About ???
67%
???
31%
A Time to Kill ???
64.5%
???
33.6%
Divine Secrets of the Ya-Ya Sisterhood ???
59.9%
???
38.3%
Infamous ???
56.7%
???
41.4%

You're not logged in!

Compare scores with friends on all Sporcle quizzes.
Sign Up with Email
OR
Log In

You Might Also Like...

Show Comments

Extras

Top Quizzes Today


Score Distribution

Your Account Isn't Verified!

In order to create a playlist on Sporcle, you need to verify the email address you used during registration. Go to your Sporcle Settings to finish the process.